000 00598nam a2200229Ia 4500
003 OSt
005 20220924132155.0
006 a|||||r|||| 00| 0
007 ta
008 220923b |||||||| |||| 00| 0 san d
024 _a34175
037 _cTextual
040 _aARTS
_cARTS
_bsan
041 _2san
_asan
082 _aO15:2D42:1, G2
100 _aDinnaga
_961104
245 0 _aKundamala ed by Jai Chandra tr by Veda Vyasa and S D Bhanot
260 _c1932
650 _aENGLISH LITERATURE
942 _hO15:2D42:1, G2
_cTEXL
_2CC
999 _c429529
_d429529